| 000 | 00760nam a2200205 i 4500 | ||
|---|---|---|---|
| 001 | 124869 | ||
| 003 | ES-MaACL | ||
| 005 | 20230906192519.0 | ||
| 007 | t| | ||
| 008 | 070423s1932 sp ||||1| spa d | ||
| 100 | 1 |
_aTixier, A. _9110356 |
|
| 245 | 1 | 3 |
_aEl servicio médico y el Seguro Social / _cpor A. Tixier. |
| 260 |
_aMadrid : _b[s.n.], _c1932 ( _fImprenta y Encuadernación de los Sobrinos de la Sucesora de M. Minuesa de los Ríos) |
||
| 300 |
_a25 p. ; _c21 cm. |
||
| 490 | 1 |
_aPublicaciones del Instituto Nacional de Previsión ; _v347 |
|
| 500 | _aPrecede al tít.: Unificación de los Seguros sociales. | ||
| 830 | 0 |
_aPublicaciones del Instituto Nacional de Previsión ; _v347 _9181151 |
|
| 852 |
_aES-MaACL _jC-12658(2) |
||
| 999 |
_c124869 _d124869 |
||